LEADER 01624cam0-2200517---450- 001 990000072570203316 005 20091102121334.0 010 $a0-7546-2235-5 035 $a0007257 035 $aUSA010007257 035 $a(ALEPH)000007257USA01 035 $a0007257 100 $a20000914d2003----|||t0itay0103----ba 101 $aeng 102 $aGB 105 $a||||||||| 200 $aCollective security law$fedited by Nigel D. White 210 $aAldershot$cDartmouth/Ashgate$dcopyr. 2003 215 $aXXV, 589 p.$d25 cm 225 2 $a<> library of essays in international law 410 0$12001$a<> library of essays in international law 606 0 $aSicurezza internazionale 606 0 $aDiritto e legislazione 676 $a341.72 702 1$aWHITE,$bNigel D. 801 $aIT$bSALBC$gISBD 912 $a990000072570203316 951 $aXXIII.1.M. 272 (IG VIII 17 619)$b35895 G.$cXXIII.1.M. 272 (IG VIII)$d00096019 959 $aBK 969 $aGIU 979 $c20000914$lUSA01$h1733 979 $c20001019$lUSA01$h1056 979 $c20001019$lUSA01$h1453 979 $c20001019$lUSA01$h1501 979 $c20001019$lUSA01$h1538 979 $c20001024$lUSA01$h1514 979 $c20001027$lUSA01$h1523 979 $c20001110$lUSA01$h1709 979 $c20001124$lUSA01$h1207 979 $c20020403$lUSA01$h1614 979 $aPAOLA$b90$c20030716$lUSA01$h1155 979 $aPATRY$b90$c20040406$lUSA01$h1606 979 $aRSIAV4$b90$c20091102$lUSA01$h1213 979 $aCHIARA$b90$c20100430$lUSA01$h1423 996 $aCollective security law$9752801 997 $aUNISA LEADER 02872nas 2200913-a 450 001 996218519703316 005 20230404213020.0 011 $a1097-0320 035 $a(DE-599)ZDB2180639-1 035 $a(OCoLC)38168053 035 $a(CKB)954925491889 035 $a(CONSER)sn-97001412- 035 $a(EXLCZ)99954925491889 100 $a19980108b19802002 s-- a 101 0 $aeng 135 $aurcnu|||||||| 181 $ctxt$2rdacontent 182 $cc$2rdamedia 183 $acr$2rdacarrier 200 10$aCytometry 210 $a[New York, NY] $cWiley-Liss, Inc.$d©1980-©2002 215 $a1 online resource 300 $aTitle from table of contents screen (Wiley InterScience; viewed: 8/10/2006). 311 $a0196-4763 517 1 $aCytometry. 531 0 $aCytometry 606 $aFlow cytometry$vPeriodicals 606 $aImaging systems in biology$vPeriodicals 606 $aImaging systems in medicine$vPeriodicals 606 $aDiagnostic imaging$vPeriodicals 606 $aCytology 606 $aFlow cytometry 606 $aCell Biology 606 $aFlow Cytometry 606 $aCytométrie de flux$vPériodiques 606 $aImagerie en biologie$vPériodiques 606 $aImagerie médicale$vPériodiques 606 $aImagerie pour le diagnostic$vPériodiques 606 $aCytologie 606 $aCytométrie de flux 606 $aCytology$2fast$3(OCoLC)fst00886282 606 $aDiagnostic imaging$2fast$3(OCoLC)fst00892354 606 $aFlow cytometry$2fast$3(OCoLC)fst00927770 606 $aImaging systems in biology$2fast$3(OCoLC)fst00967624 606 $aImaging systems in medicine$2fast$3(OCoLC)fst00967628 606 $aCytometrie$2gtt 608 $aPeriodical 608 $aperiodicals.$2aat 608 $aPeriodicals.$2fast 608 $aPeriodicals.$2lcgft 608 $aPériodiques.$2rvmgf 615 0$aFlow cytometry 615 0$aImaging systems in biology 615 0$aImaging systems in medicine 615 0$aDiagnostic imaging 615 0$aCytology. 615 0$aFlow cytometry. 615 2$aCell Biology 615 2$aFlow Cytometry 615 6$aCytométrie de flux 615 6$aImagerie en biologie 615 6$aImagerie médicale 615 6$aImagerie pour le diagnostic 615 6$aCytologie. 615 6$aCytométrie de flux. 615 7$aCytology. 615 7$aDiagnostic imaging. 615 7$aFlow cytometry. 615 7$aImaging systems in biology. 615 7$aImaging systems in medicine. 615 7$aCytometrie. 676 $a571.6 712 02$aSociety for Analytical Cytology (U.S.), 712 02$aInternational Society for Analytical Cytology, 712 02$aClinical Cytometry Society, 906 $aJOURNAL 912 $a996218519703316 996 $aCytometry$983498 997 $aUNISA LEADER 01629nas 2200337 n 450 001 990008963900403321 005 20240229084453.0 035 $a000896390 035 $aFED01000896390 035 $a(Aleph)000896390FED01 035 $a000896390 091 $2CNR$aP 00097692 100 $a20161109b19671980km-y0itaa50------ba 101 0 $aeng 110 $aauu-------- 200 1 $aFood product development 207 1$a1967-1980 210 $aNew York$c[s.n.] 440 0$12001$aFood development 530 0 $aFood product development 675 $a664 801 0$aIT$bACNP$c20090723 859 4 $uhttp://acnp.cib.unibo.it/cgi-ser/start/it/cnr/dc-p1.tcl?catno=65801&person=false&language=ITALIANO&libr=&libr_th=unina1$zBiblioteche che possiedono il periodico 901 $aSE 912 $a990008963900403321 958 $aBiblioteca. Dipartimento di Analisi dei processi economico-sociali, linguistici, produttivi e territoriali. Sezione di Scienze merceologiche. Università degli studi di Napoli Federico II$b1967-1973;$c1973;$fDECME 959 $aDECME 996 $aFood product development$9795296 997 $aUNINA AP1 8 $6866-01$aNA035 Biblioteca. Dipartimento di Analisi dei processi economico-sociali, linguistici, produttivi e territoriali. Sezione di Scienze merceologiche. Università degli studi di Napoli Federico II$eVia Cintia - Monte S. Angelo, Napoli (NA)$m(081) 7645969$m(081) 7645969$nit AP2 40$aacnp.cib.unibo.it$nACNP Italian Union Catalogue of Serials$uhttp://acnp.cib.unibo.it/cgi-ser/start/it/cnr/df-p.tcl?catno=65801&language=ITALIANO&libr=&person=&B=1&libr_th=unina&proposto=NO